Normal view MARC view

Entry Topical Term

Number of records used in: 3

001 - CONTROL NUMBER

  • control field: 24385

003 - CONTROL NUMBER IDENTIFIER

  • control field: OSt

005 - DATE AND TIME OF LATEST TRANSACTION

  • control field: 20230525101814.0

008 - FIXED-LENGTH DATA ELEMENTS

  • fixed length control field: 230525|| aca||aabn | a|a d

040 ## - CATALOGING SOURCE

  • Original cataloging agency: OSt
  • Transcribing agency: OSt

150 ## - HEADING--TOPICAL TERM

  • Topical term or geographic name entry element: ပုတ်ႉထၽႃႇသႃႇ - တႆး

670 ## - SOURCE DATA FOUND

  • Source citation: Work cat.: (OSt): ပၺ်ႇၺႃႇသီႇရိ သၢႆပွၼ်၊ Dr. ၸဝ်ႈၶူး။ 24384, သႃႇသၼႃႇလႄႈ တႆး /, 1014 ။

Library - 09407999929
Admin Office - 09407999979
Dean Office - 09250910768
Registrar Office - 09892297154
Email - [email protected]
Shan State Buddhist University, Phaya Phyu Taunggyi, Shan State, Myanmar.